<?xml version="1.0" encoding="UTF-8"?>
<collection xmlns="http://www.loc.gov/MARC21/slim">
  <record>
    <leader>00000nam  2200000   4500</leader>
    <controlfield tag="001">INLIS000000000019811</controlfield>
    <controlfield tag="005">20250423103518</controlfield>
    <datafield tag="035" ind1="#" ind2="#">
      <subfield code="a">0010-0425000154</subfield>
    </datafield>
    <controlfield tag="007">ta</controlfield>
    <controlfield tag="008">250423################|##########|#|##</controlfield>
    <datafield tag="084" ind1="#" ind2="#">
      <subfield code="a">R 0029 PKN II 2024</subfield>
    </datafield>
    <datafield tag="100" ind1=" " ind2="#">
      <subfield code="a">Yopie Morya Immanuel Patiro</subfield>
    </datafield>
    <datafield tag="245" ind1="1" ind2="#">
      <subfield code="a">Strategi Mewujudkan Binwas Lingkungan Hidup Kolaboratif Berbasis SI terintegrasi /</subfield>
      <subfield code="c">Yopie Morya Immanuel Patiro</subfield>
    </datafield>
    <datafield tag="250" ind1="#" ind2="#">
      <subfield code="a">1</subfield>
    </datafield>
    <datafield tag="260" ind1="#" ind2="#">
      <subfield code="a">Jakarta :</subfield>
      <subfield code="b">Pusbangkom Pimnas,</subfield>
      <subfield code="c">2024</subfield>
    </datafield>
    <datafield tag="300" ind1="#" ind2="#">
      <subfield code="a">21 :</subfield>
      <subfield code="b">ilus ;</subfield>
      <subfield code="c">29 x 21 x 0,5</subfield>
    </datafield>
    <datafield tag="650" ind1="#" ind2="4">
      <subfield code="a">Sistem Informasi</subfield>
    </datafield>
    <datafield tag="520" ind1="#" ind2="#">
      <subfield code="a">Proyek perubahan dengan judul&#13;
“STRATEGI MEWUJUDKAN BINWAS&#13;
LINGKUNGAN HIDUP KOLABORATIF&#13;
BERBASIS SISTEM INFORMASI&#13;
TERINTEGRASI” disusun dalam rangka&#13;
memberikan suatu terobosan di Dinas&#13;
Lingkungan Hidup propinsi Sulawesi&#13;
Tengah yang memiliki tugas salah satunya&#13;
adalah Pembinaan dan Pengawasan&#13;
(BinWas). Berdasarkan dokumen RPJMD&#13;
Provinsi Sulawesi Tengah Tahun 2021-&#13;
2026, pada Bab 4 ; Isu-Isu Strategis Daerah,&#13;
Point (b); Dilema Industrialisasi Tambang&#13;
dan Lingkungan Hidup antara lain adalah ;&#13;
iii. Rendahnya pengawasan Pemerintah&#13;
Daerah terhadap kegiatan pertambangan&#13;
yang dilakukan oleh pihak perusahaan&#13;
sehingga berdampak pada terjadinya&#13;
pencemaran lingkungan akibat&#13;
penggalian, kerusakan bentang alam dan&#13;
bentang lahan, eksploitasi yang melebihi&#13;
daya tampung dan daya dukung&#13;
lingkungan.&#13;
&#13;
Dalam rangka menjaga dan menjamin&#13;
keselarasan antara kepentingan ekonomi dan&#13;
kelestarian lingkungan hidup maka perlu&#13;
dilakukan pengelolaan dan perlindungan&#13;
lingkungan hidup melalui suatu terobosan&#13;
inovatif berupa pembinaan dan pengawasan&#13;
yang kolaboratif berbasis Sistem Informasi&#13;
Terintegrasi. Pembinaan dan pengawasan&#13;
yang kolaboratif didasarkan suatu kebijakan&#13;
strategis dengan membentuk suatu pola&#13;
Binwas yang memaksimalkan seluruh peran&#13;
serta stakeholders berdasarkan data yang&#13;
tersusun secara akurat dalam suatu sistem&#13;
informasi yang terintegrasi. Dengan berbasis&#13;
data yang akurat serta melibatkan seluruh&#13;
stakeholders maka nantinya binwas&#13;
lingkungan hidup akan berjalan terus secara&#13;
kolaboratif, baik secara faktual dan data.&#13;
Melalui kerangka pikir komprehensif yaitu&#13;
pemetaan isu aktual, faktor penyebab, kondisi&#13;
harapan, analisis permasalahan dan strategi&#13;
penyelesaian masalah yang dijabarkan ke&#13;
jangka pendek, menengah dan panjang maka&#13;
Proyek Perubahan dapat menjadi referensi&#13;
bagi Pimpinan dalam mengambil langkah&#13;
kebijakan ke depan.</subfield>
    </datafield>
    <datafield tag="856" ind1="#" ind2="#">
      <subfield code="a">Perpustakaan Pusat LAN</subfield>
    </datafield>
    <datafield tag="990" ind1="#" ind2="#">
      <subfield code="a">2024/1.2.2/A/0029</subfield>
    </datafield>
  </record>
</collection>
